<?xml version="1.0" encoding="UTF-8"?>
<record
    xmlns:xsi="http://www.w3.org/2001/XMLSchema-instance"
    xsi:schemaLocation="http://www.loc.gov/MARC21/slim http://www.loc.gov/standards/marcxml/schema/MARC21slim.xsd"
    xmlns="http://www.loc.gov/MARC21/slim">

  <leader>00668nam a22001697a 4500</leader>
  <controlfield tag="008">111117s197?    ua|||||r|||| 000 0 ara d</controlfield>
  <datafield tag="082" ind1=" " ind2=" ">
    <subfield code="2">22</subfield>
    <subfield code="a">742</subfield>
    <subfield code="b">&#x627; &#x644; &#x644;</subfield>
  </datafield>
  <datafield tag="100" ind1=" " ind2=" ">
    <subfield code="9">27780</subfield>
    <subfield code="a">&#x639;&#x628;&#x62F; &#x627;&#x644;&#x644;&#x647; &#x60C; &#x645;&#x62D;&#x645;&#x62F; &#x623;&#x62D;&#x645;&#x62F;</subfield>
  </datafield>
  <datafield tag="245" ind1=" " ind2=" ">
    <subfield code="a">&#x627;&#x644;&#x625;&#x638;&#x647;&#x627;&#x631; &#x627;&#x644;&#x645;&#x639;&#x645;&#x627;&#x631;&#x64A; /</subfield>
    <subfield code="c">&#x645;&#x62D;&#x645;&#x62F; &#x623;&#x62D;&#x645;&#x62F; &#x639;&#x628;&#x62F; &#x627;&#x644;&#x644;&#x647;</subfield>
  </datafield>
  <datafield tag="250" ind1=" " ind2=" ">
    <subfield code="a">&#x637;2</subfield>
  </datafield>
  <datafield tag="260" ind1=" " ind2=" ">
    <subfield code="a">[&#x627;&#x644;&#x642;&#x627;&#x647;&#x631;&#x629;] :</subfield>
    <subfield code="b">[&#x62F;.&#x646;] &#x60C;  [?197]</subfield>
    <subfield code="c">[197?]</subfield>
  </datafield>
  <datafield tag="300" ind1=" " ind2=" ">
    <subfield code="a">204 &#x635; :</subfield>
    <subfield code="b">&#x623;&#x64A;&#x636; &#x61B;</subfield>
    <subfield code="c">22 &#x633;&#x645;</subfield>
  </datafield>
  <datafield tag="650" ind1=" " ind2=" ">
    <subfield code="9">27781</subfield>
    <subfield code="a">&#x627;&#x644;&#x631;&#x633;&#x645; &#x627;&#x644;&#x645;&#x646;&#x638;&#x648;&#x631;</subfield>
  </datafield>
  <datafield tag="650" ind1=" " ind2=" ">
    <subfield code="9">27782</subfield>
    <subfield code="a">&#x627;&#x644;&#x631;&#x633;&#x645; &#x627;&#x644;&#x647;&#x646;&#x62F;&#x633;&#x64A;</subfield>
  </datafield>
  <datafield tag="942" ind1=" " ind2=" ">
    <subfield code="2">ddc</subfield>
    <subfield code="c">BB</subfield>
  </datafield>
  <datafield tag="999" ind1=" " ind2=" ">
    <subfield code="c">16226</subfield>
    <subfield code="d">16226</subfield>
  </datafield>
  <datafield tag="952" ind1=" " ind2=" ">
    <subfield code="0">0</subfield>
    <subfield code="1">0</subfield>
    <subfield code="2">ddc</subfield>
    <subfield code="4">0</subfield>
    <subfield code="7">0</subfield>
    <subfield code="8">Alef-Baa</subfield>
    <subfield code="a">MAIN</subfield>
    <subfield code="b">MAIN</subfield>
    <subfield code="c">2ND</subfield>
    <subfield code="d">2011-11-17</subfield>
    <subfield code="e">purchase</subfield>
    <subfield code="o">742 &#x627; &#x644; &#x644;</subfield>
    <subfield code="p">000025671</subfield>
    <subfield code="q">2018-10-31</subfield>
    <subfield code="r">2017-05-09 00:00:00</subfield>
    <subfield code="s">2017-05-09</subfield>
    <subfield code="y">BB</subfield>
  </datafield>
</record>
